00653pam a2200193 a 4500020004000000020002100040040000800061082002600069100002700095245005100122250001200173260004300185300005100228650002200279700001900301700002300320856006200343856005400405 a0070284695 (hardcover : alk. paper) a007115728X (ISE) cDLC00a155 MCG 1999 A001 Or.1 aHetherington, E. Mavis10aChild psychology :ba contemporary viewpoint / a5th ed. aBoston :bMcGraw-Hill College,cc1999. a1 v. (various pagings) :bcol. ill. ;c29 cm. 0aChild psychology.1 aParke, Ross D.1 aLocke, Virginia O.42uhttp://www.loc.gov/catdir/description/mh023/98015013.html41uhttp://www.loc.gov/catdir/toc/mh022/98015013.html